Tiếng Anh chuyên ngành vi tính

Αποθηκεύτηκε σε:
Λεπτομέρειες βιβλιογραφικής εγγραφής
Συγγραφή απο Οργανισμό/Αρχή: VN Guide
Άλλοι συγγραφείς: Lê Phụng Long (hiệu đính), Đỗ Lệ Hằng (hiệu đính)
Μορφή: Βιβλίο
Γλώσσα:Vietnamese
Έκδοση: Tp. Hồ Chí Minh Nxb. Thống kê 1999
Θέματα:
Ετικέτες: Προσθήκη ετικέτας
Δεν υπάρχουν, Καταχωρήστε ετικέτα πρώτοι!
Thư viện lưu trữ: Mạng thư viện Đại học Đà Nẵng
LEADER 01062nam a2200337 4500
001 000016198
003 12596
005 20120726150751.0
008 120726s1999 viesd
020 |c 41000đ 
041 0 |a vie 
082 |a 420.28  |b Tiê 
110 |a VN Guide 
240 |a English for Computer Science 
245 0 |a Tiếng Anh chuyên ngành vi tính 
260 |a Tp. Hồ Chí Minh  |b Nxb. Thống kê  |c 1999 
300 |a 480tr.  |c 21 cm 
653 |a tiếng Anh 
653 |a vi tính 
700 |a Lê Phụng Long  |e hiệu đính 
700 |a Đỗ Lệ Hằng  |e hiệu đính 
OWN |a LSP 
AVA |a UDN50  |b LSP  |d 420.28 Tiê  |e available  |t Error 5001 Not defined in file expand_doc_bib_avail.  |f 3  |g 0  |h N  |i 0  |k 1 
999 |a From the UDN01 
AVA |a UDN50  |b LSP  |d 420.28 Tiê  |e available  |t Error 5001 Not defined in file expand_doc_bib_avail.  |f 3  |g 0  |h N  |i 0  |k 1 
TYP |a Monograph 
TYP |a Printed language 
980 |a Mạng thư viện Đại học Đà Nẵng